[Event "III. World-ch for Disabled 2017"]
[Site "Dresden"]
[Date "2017.10.06"]
[Round "1.1"]
[White "Zimmer, Ralph"]
[Black "Babarykin, Stanislav"]
[Result "0-1"]
[WhiteElo "2215"]
[BlackElo "2345"]
[Annotator "TA"]
[PlyCount "152"]
[EventDate "2017.??.??"]
[EventType "swiss"]
[EventCountry "GER"]
[SourceTitle "playchess.com"]
[Source "ChessBase"]
[SourceQuality "1"]

{[%evp 31,152,0,0,-15,-15,-46,-48,-54,-54,-87,-86,-86,-85,-100,-72,-75,-87,-77,-54,-97,-86,-97,-84,-175,-97,-112,-112,-112,-112,-112,-112,-112,-112,-112,-112,-116,-116,-112,-112,-113,-112,-110,-103,-126,-123,-122,-110,-116,-115,-126,-110,-126,-102,-107,-107,-120,-122,-122,-126,-118,-116,-114,-114,-176,-174,-189,-189,-182,-199,-344,-318,-327,-293,-362,-305,-342,-343,-325,-321,-237,-102,-175,-90,-96,-54,-20,-27,-37,-54,-1152,-1127,-2561,-154,-272,-1427,-2039,-1539,-1307,-1341,-1218,-613,-29969,-29969,-29977,-29978,-29977,-29977,-29977,-29978,-29978,-29979,-29981,-29982,-29982,-29983,-29983,-29984,-29984,-29984,-29984,-29983,-29983,-29984]} 1. e4 e5 2. Nf3 Nc6 3. d4 exd4 4. Bc4 Nf6 5. e5 d5 6. Bb5 Ne4 7. Nxd4 Bd7 8. Bxc6 bxc6 9. O-O Bc5 10. f3 Ng5 11. f4 Ne4 12. Be3 Bb6 13. Nd2 c5 14. N4f3 Nxd2 15. Qxd2 d4 {C56: Zweispringerspiel} 16. Bf2 O-O {LiveBook: 3 Partien} 17. c3 $146 ({Vorgänger:} 17. Bh4 Qc8 18. c4 a5 19. Qf2 Bc6 20. Qg3 Be4 21. Be7 Re8 22. Bf6 Bg6 23. Nh4 gxf6 24. f5 Rxe5 25. fxg6 Qe6 26. gxf7+ Kxf7 27. Nf3 Rf5 28. Rae1 Qd7 29. Ng5+ fxg5 30. Qxg5 {1-0 (30) Karpatchev,A (2475)-Prohaszka,P (2607) Germany 2016}) 17... Bc6 {Die Stellung ist ausgeglichen.} 18. f5 Bxf3 $1 19. gxf3 dxc3 $1 20. Qxc3 Qg5+ 21. Kh1 Qxf5 22. Bxc5 Rfe8 23. Rae1 Rad8 24. f4 g6 25. Rf2 Rd5 26. Bxb6 cxb6 27. Qc7 {[#]} (27. Qc2 $17) 27... Rd7 ({Günstiger ist} 27... Rexe5 $1 $19 {[%mdl 512]} 28. Qxe5 Rxe5 29. Rxe5 Qb1+ 30. Kg2 Qxa2) 28. Qc6 {[#]} Rxe5 $1 {[%mdl 512]} 29. Qc8+ (29. Rxe5 Rd1+) 29... Kg7 30. Qc3 f6 {zielt auf ...Txe1+ ab.} 31. Rxe5 fxe5 32. Qxe5+ Qxe5 33. fxe5 $17 {[%mdl 4096] Endspiel KT-KT} Re7 34. Re2 Kf7 35. Kg2 Ke6 36. Kg3 Kf5 37. Rf2+ Kxe5 38. Rd2 Kf5 39. Kf3 h6 40. Rd5+ Kf6 41. Rd6+ Re6 42. Rd7 a6 43. Ra7 a5 44. Rb7 Kg5 45. Kg3 Rd6 46. b3 Kf5 47. Kf3 (47. h4 $17 {war nötig.}) 47... g5 $1 $19 48. Rf7+ Rf6 49. Re7 h5 50. h3 (50. Rc7 $142) 50... Rc6 51. Rf7+ Ke5 52. Rg7 Rc3+ 53. Kg2 Kf4 54. Rf7+ Ke4 $1 55. Re7+ Kd3 (55... Kd4 $1 $19 {Droht stark ...Tc2+.} 56. Rd7+ Kc5) 56. Re6 $17 Rc2+ (56... b5 $1 $19 {Und weiter mit ...Tc2+ wäre nett.} 57. Re5 Rc2+ 58. Kf3 g4+ $1 {[%mdl 512]} 59. hxg4 hxg4+ 60. Kf4 g3 61. Rd5+ Kc3 62. Kxg3 Kb4 63. a3+ Kxb3 64. Rxb5+ Ka4) 57. Kf3 b5 58. Re5 {[#]} g4+ $1 {[%mdl 512]} 59. hxg4 hxg4+ 60. Kxg4 $2 {[%mdl 8192] [#]} (60. Kf4 $15) 60... a4 $1 $19 61. Rxb5 {[#]} a3 $1 62. Rd5+ (62. b4 $17) 62... Ke4 63. Ra5 Rg2+ 64. Kh3 Rxa2 65. Kg3 Kd3 66. Kf3 Kc3 {Schwarz setzt Matt.} 67. Ke3 Ra1 68. Rc5+ Kb4 69. Rc8 a2 70. Rb8+ Ka3 71. Kd3 Rd1+ 72. Kc4 Rc1+ 73. Kd3 a1=Q 74. Ra8+ Kxb3 75. Rb8+ Ka2 76. Ra8+ Kb1 {Precision: Weiß = 39%, Schwarz = 74%.} 0-1

[Event "III. World-ch for Disabled 2017"]
[Site "Dresden"]
[Date "2017.10.06"]
[Round "1.2"]
[White "Scerbin, Dmitrij"]
[Black "Strzelecki, Jerzy"]
[Result "0-1"]
[WhiteElo "2312"]
[BlackElo "1993"]
[Annotator "TA"]
[PlyCount "126"]
[EventDate "2017.??.??"]
[EventType "swiss"]
[EventCountry "GER"]
[SourceTitle "playchess.com"]
[Source "ChessBase"]
[SourceQuality "1"]

{[%evp 21,126,-31,-20,-28,-26,-32,-24,-20,-8,-28,-20,-31,-33,-34,-16,-35,0,-13,-13,-2,0,0,0,0,18,-5,-10,-19,-27,-24,0,0,33,20,21,0,35,41,43,33,55,53,70,0,29,-70,-70,-91,-49,-60,0,0,0,-28,-12,-39,-35,-171,-173,-195,-197,-259,-234,-217,-134,-171,-31,-75,-47,-108,-111,-111,-112,-123,-116,-111,-104,-104,-104,-111,-86,-93,-86,-86,0,0,0,-237,-246,-226,-183,-467,-315,-1112,-1063,-1065,-1008,-984,-984,-5421,-5185,-29967,-29967,-29990,-29991,-29991,-29986]} 1. e4 e6 2. d4 d5 3. e5 c5 4. c3 Qb6 5. Nf3 Nc6 6. a3 c4 7. Nbd2 Na5 8. g3 Bd7 9. h4 h6 {C02: French: Advance Variation} (9... O-O-O 10. Bh3 f5 11. exf6 gxf6 12. O-O Nh6 13. Re1 Nf5 14. Rb1 Bd6 15. Nf1 Rdg8 16. Ne3 Nxg3 17. fxg3 Rxg3+ {½-½ (38) Svidler,P (2727)-Fedoseev,V (2659) Berlin 2015}) 10. Bh3 Ne7 11. O-O O-O-O {[%cal Be8c8,Bc8b8,Bb8a8][%mdl 32] LiveBook: 20 Games. Black is slightly better.} 12. Ne1 Kb8 13. Ng2 Ka8 $146 ({Predecessor:} 13... Rg8 14. h5 Nf5 15. Rb1 Nb3 16. Nxb3 Qxb3 17. Qf3 {0-1 (41) Pridal,O (2235)-Novotny,M (2292) Czechia 2010}) 14. Ne3 Qc7 15. Rb1 Nc8 16. Qf3 Ba4 17. h5 Nb6 18. Kh2 Be8 19. Qg4 Rg8 20. f4 Be7 21. f5 Bd7 22. Qe2 Rdf8 23. Ng2 exf5 24. Bxf5 Bxf5 25. Rxf5 Qd7 26. Rf2 Nc6 {[%cal Ba5c6,Bc6d8,Bd8e6][%mdl 32]} 27. Nf1 {[%cal Bd2f1,Bf1e3,Be3f5][%mdl 32]} Nd8 28. Nfe3 Ne6 29. Nf5 Bd8 30. Bd2 Bc7 31. Rbf1 $1 a6 {[#]} 32. Rf3 (32. Nxh6 $1 $14 {[%mdl 512]} gxh6 33. Bxh6) 32... Nc8 33. Qf2 (33. Nxh6 $11 gxh6 34. Bxh6) 33... f6 $15 34. Qe2 fxe5 35. dxe5 Ne7 (35... Nc5 $15 36. Nd4 Rxf3 37. Rxf3 Re8) 36. Nd4 Rxf3 37. Rxf3 Nc6 38. Nxc6 Qxc6 39. Nh4 (39. Nf4 $15) 39... d4 $1 $36 {[%cal Bd5d4,Bd4d3][%mdl 2080] Black is on the roll.} 40. Ng6 {With the idea Ne7.} d3 41. Qf1 (41. Qg2 $142 Qd7 42. Qh3) 41... Rd8 42. Qg2 Rd7 43. Rf1 Qxg2+ (43... Qb6 $19 44. Bc1 Qc5) 44. Kxg2 $17 b5 45. Kf3 ({White should try} 45. Nf4 $15 Nd8 46. Ng6) 45... Kb7 46. Re1 Kc6 47. Nf4 Re7 {White must now prevent ...Ng5+.} 48. Kg4 Nc5 49. Ng6 Re8 50. Kf5 Nb3 51. Bf4 a5 52. g4 Bd8 (52... Nc5 $17) 53. e6 $11 {aiming for e7.} Bf6 54. Bxh6 $2 (54. e7 $11 d2 55. Bxd2 $1 {[%mdl 512]} Nxd2 56. Ke6) 54... Bxc3 $1 $19 ({Don't go for} 54... gxh6 $2 55. Kxf6 d2 56. Rd1 $18) 55. bxc3 gxh6 $11 {[%mdl 4096] Endgame KRN-KRN} 56. g5 $2 (56. Ne5+ Kc7 57. g5) 56... d2 57. Rg1 $2 {[#]} (57. Rd1 b4 58. Ne5+ Kd5 59. axb4 axb4 60. Nxc4 bxc3 {[#]} 61. Nxd2 $1 {[%mdl 512]}) 57... b4 $1 $19 {[%mdl 512]} 58. axb4 axb4 59. Ne5+ Kd5 60. Nxc4 Kxc4 61. cxb4 Nd4+ {Black mates.} 62. Kg6 Rxe6+ 63. Kh7 hxg5 {Precision: White = 26%, Black = 50%.} 0-1

[Event "III. World-ch for Disabled 2017"]
[Site "Dresden"]
[Date "2017.10.06"]
[Round "1.3"]
[White "Kireeva, Ljubov"]
[Black "Varezhkin, Viktor"]
[Result "0-1"]
[WhiteElo "1939"]
[BlackElo "2243"]
[Annotator "TA"]
[PlyCount "74"]
[EventDate "2017.??.??"]
[EventType "swiss"]
[EventCountry "GER"]
[SourceTitle "playchess.com"]
[Source "ChessBase"]
[SourceQuality "1"]

{[%evp 17,74,14,30,-4,-10,-9,-12,-10,0,0,17,0,-6,-4,22,0,0,4,0,-45,-62,-56,58,25,72,18,41,0,-4,-76,-75,-76,0,0,0,0,0,0,0,0,-6,-6,0,0,0,0,0,-368,-354,-706,-645,-29964,-29960,-29974,-29960,-29997,-29998,-29998,-29998]} 1. d4 Nf6 2. c4 e6 3. a3 c5 4. e3 d5 5. dxc5 Bxc5 6. b4 Be7 7. Bb2 O-O 8. Nc3 Nc6 9. Nf3 a6 10. Be2 {D40: Queen's Gambit Declined: Semi-Tarrasch with 5 e3} (10. cxd5 exd5 11. Be2 Bg4 12. h3 Bh5 13. O-O Re8 14. Rc1 {½-½ (14) Istratescu,A (2582)-Jianu,V (2553) Arad 2016}) 10... dxc4 11. Bxc4 b5 12. Bd3 {The position is equal.} Bb7 13. O-O Qb6 $146 ({Predecessor:} 13... Qc7 14. Rc1 Rfd8 15. Qe2 Rac8 16. Rfd1 Bd6 17. h3 Qe7 {½-½ (57) Staunton,H-De Saint Amant,P Paris 1843}) 14. h3 Rfd8 15. Qe2 e5 (15... Nb8 {seems wilder.} 16. Rac1 Nbd7 17. Nd2 Ne5 18. Bb1 Rac8) 16. Ne4 (16. Nd2 {is interesting.} Rac8 17. Bf5 Rc7 18. Rfd1 g6 19. Bd3) 16... Nxb4 $1 17. Nxf6+ Bxf6 18. Bxh7+ Kxh7 19. axb4 e4 (19... Qe6 $15) 20. Nd4 g6 21. Rab1 ({Better is} 21. Rfc1 $16) 21... Rac8 22. Nb3 Bd5 {Strongly threatening ...Bc4.} 23. Na5 {[#]} (23. Bxf6 $11 {remains equal.} Qxf6 24. Rfd1) 23... Bc4 $1 $17 {[%cal Rc4e2]} 24. Nxc4 Rxc4 (24... bxc4 $17 25. Bxf6 Qxf6) 25. Bxf6 $11 Qxf6 26. Rfd1 Rdc8 27. Qb2 Qe7 28. Rd4 Rc2 $36 {[%mdl 2048] Black is pushing.} 29. Qb3 Rc1+ (29... Qf6 $5 30. Rf1 $8 R2c4 $11) 30. Rxc1 Rxc1+ {[%mdl 4096] Endgame KQR-KQR} 31. Kh2 $1 Qe5+ 32. f4 $2 {[%mdl 8192]} (32. g3 $11 Kg7 33. h4) 32... exf3+ $1 $19 {[%cal Be4f3,Bf3f2][%mdl 32]} 33. g3 $2 (33. Rf4 Rc4 34. g3) 33... Qc7 34. Qd5 f2 {Black mates.} 35. Rh4+ Kg7 36. Qg5 {[#]} Rh1+ $1 {[%mdl 512]} 37. Kxh1 Qc1+ {Precision: White = 29%, Black = 43%.} 0-1

[Event "III. World-ch for Disabled 2017"]
[Site "Dresden"]
[Date "2017.10.06"]
[Round "1.4"]
[White "Hentzschel, Erhard"]
[Black "Wielecki, Zygmunt"]
[Result "0-1"]
[WhiteElo "1885"]
[BlackElo "2199"]
[Annotator "ChessBase"]
[PlyCount "30"]
[EventDate "2017.??.??"]
[EventType "swiss"]
[EventCountry "GER"]
[SourceTitle "playchess.com"]
[Source "ChessBase"]
[SourceQuality "1"]
[TimeControl "40/5400+30:1800+30"]

1. e4 {[%emt 1:30:17]} c5 {[%emt 1:30:17]} 2. Nc3 {[%emt 1:30:17]} e6 {[%emt 1:28:06]} 3. Nf3 {[%emt 1:27:24]} a6 {[%emt 1:27:45]} 4. a4 {[%emt 1:26:28]} d6 {[%emt 1:23:37]} 5. Bc4 {[%emt 1:23:48]} Nf6 {[%emt 1:23:33]} 6. d3 {[%emt 1:21:19]} Be7 {[%emt 1:20:33]} 7. Bg5 {[%emt 1:16:35]} O-O {[%emt 1:16:35]} 8. Qd2 {[%emt 1:17:17]} b6 {[%emt 1:14:27]} 9. e5 {[%emt 1:07:02]} dxe5 {[%emt 1:07:02]} 10. Nxe5 {[%emt 1:14:14]} Bb7 {[%emt 1:14:14]} 11. Nxf7 {[%emt 1:14:14]} Kxf7 {[%emt 1:14:14]} 12. Qe3 {[%emt 0:54:43]} Nd5 {[%emt 0:54:43]} 13. Qf3+ {[%emt 0:52:55]} Kg8 {[%emt 0:52:55]} 14. Qe4 {[%emt 1:11:24]} Bxg5 {[%emt 0:41:12]} 15. Qxe6+ {[%emt 1:11:31]} Kh8 0-1

[Event "III. World-ch for Disabled 2017"]
[Site "Dresden"]
[Date "2017.10.07"]
[Round "2.1"]
[White "Tazbir, Marcin"]
[Black "Zoltek, Tadeusz"]
[Result "1-0"]
[WhiteElo "2513"]
[BlackElo "2121"]
[Annotator "TA"]
[PlyCount "65"]
[EventDate "2017.??.??"]
[EventType "swiss"]
[EventCountry "GER"]
[SourceTitle "playchess.com"]
[Source "ChessBase"]
[SourceQuality "1"]

{[%evp 26,65,36,36,29,31,31,0,35,47,72,45,93,93,129,121,156,162,155,160,206,206,206,206,206,206,206,162,239,231,246,198,331,327,311,316,364,372,470,-217,368,-447]} 1. e4 {[%cal Be2e4,Be4e5][%mdl 32]} Nf6 2. e5 Nd5 3. d4 d6 4. c4 Nb6 5. exd6 cxd6 6. Nc3 g6 7. Be3 Bg7 8. Rc1 O-O 9. b3 Nc6 {B03: Alekhine's Defence: Four Pawns Attack} (9... Bf5 10. d5 e5 11. dxe6 Bxe6 12. Nge2 d5 13. c5 Nc6 14. Nd4 Bxd4 15. Bxd4 Re8 16. cxb6 Qh4 17. Ne2 axb6 {1-0 (38) Xiong,J (2618)-Kamsky,G (2678) Saint Louis 2016}) 10. Nf3 Bg4 11. d5 Ne5 12. Be2 Nxf3+ 13. Bxf3 Bxf3 14. Qxf3 {LiveBook: 12 Games} Nd7 15. O-O a6 16. Rfe1 Ne5 $146 ({Predecessor:} 16... b5 17. cxb5 Bxc3 18. Rxc3 axb5 {0-1 (27) Borulya,E (2286)-Schlager,T (2297) Germany 2006}) 17. Qe2 f5 18. Qd2 Qd7 19. a4 f4 20. Bxf4 Qf5 21. Bxe5 Bxe5 22. g3 Rf7 23. Ne4 Bg7 24. f4 h6 25. a5 Raf8 26. Qe3 Qc8 (26... g5 $142) 27. c5 $18 Qd8 28. Qd2 dxc5 (28... Rf5 {is a better defense.} 29. b4 dxc5) 29. Nxc5 (29. Rxc5 Qd7 $16) 29... Rf5 30. Rcd1 ({Don't take} 30. Nxb7 $6 Qxd5 31. Qxd5+ Rxd5 $18) 30... Qd6 31. b4 (31. Nxb7 Qc7 $18) 31... Qd8 32. Ra1 $4 {[%mdl 8192] [#]} (32. Ne6 $18 {and life is good for White.} Qd7 33. Nxf8 Bxf8 34. Qd3) 32... Z0 $4 {[%mdl 8192]} ({Not} 32... Rxd5 33. Qc2 $11) (32... Bxa1 $19 33. Rxa1 Qxd5) 33. Nd7 $4 {[%mdl 40960] Precision: White = 60%, Black = 37%. . Loss on Time!?} (33. Rad1 $18 {is the narrow road to win.}) 1-0

[Event "III. World-ch for Disabled 2017"]
[Site "Dresden"]
[Date "2017.10.07"]
[Round "2.2"]
[White "Mate, Balazs"]
[Black "Obodchuk, Andrei"]
[Result "0-1"]
[WhiteElo "2081"]
[BlackElo "2360"]
[Annotator "TA"]
[PlyCount "116"]
[EventDate "2017.??.??"]
[EventType "swiss"]
[EventCountry "GER"]
[SourceTitle "playchess.com"]
[Source "ChessBase"]
[SourceQuality "1"]

{[%evp 10,116,25,-10,-17,-50,-50,-45,-47,-50,-50,-50,-58,-50,-40,-84,-85,-112,-65,-63,-52,-49,-44,-71,-27,-56,-56,-56,-65,-59,-59,-57,-50,-43,-38,-41,-43,-62,-59,-67,-57,-152,-117,-97,-91,-91,-96,-110,-45,-42,-38,-112,-63,-70,-70,-86,-43,-45,-34,-75,-44,-114,-106,-152,-145,-162,-176,-190,-190,-190,-190,-190,-186,-176,-160,-243,-202,-225,-221,-427,-398,-637,-626,-833,-734,-983,-841,-1336,-1324,-29978,-29979,-29979,-29980,-29979,-29981,-29981,-29982,-29985,-29986,-29986,-29987,-29987,-29988,-29988,-29989,-29990,-29990,-29990,-29989]} 1. e4 c5 2. Nf3 {[%cal Bg1f3,Bf3d4,Bd4b5][%mdl 32]} d6 3. d4 cxd4 4. Nxd4 Nf6 5. f3 e5 6. Nb5 a6 {B55: Sicilian: 2...d6 3 d4 cxd4 4 Nxd4 Nf6 5 f3} ({Wrong is} 6... Nxe4 $2 7. fxe4 Qh4+ 8. Kd2 $18) 7. N5a3 (7. N5c3 Be6 8. Nd2 b5 9. Nb3 Nbd7 10. a4 b4 11. Nd5 Bxd5 12. exd5 Be7 13. a5 Qc7 14. Be3 {0-1 (43) Feller,S (2540)-Edouard,R (2509) Lyon 2008}) 7... d5 8. exd5 Nxd5 {Black is slightly better.} 9. Bc4 $146 ({Predecessor:} 9. c4 Bb4+ 10. Bd2 Bxd2+ 11. Qxd2 Nf4 12. Qxd8+ Kxd8 13. g3 Ne6 14. Nc3 {½-½ (38) Kotlowski,T (2034)-Malik,J (2253) Tatranske Zruby 2014}) 9... Be6 10. Bxd5 Qxd5 11. Qxd5 Bxd5 12. c4 Be6 13. b3 Nc6 14. Nc2 $1 b5 15. cxb5 axb5 {Strongly threatening ...Bc5.} 16. Nc3 Rb8 17. Be3 Nb4 18. Nxb4 Bxb4 19. Bd2 O-O $36 {[%mdl 2048] Black is more active.} 20. Ne4 Be7 21. O-O f5 22. Nf2 Rbc8 {...Rc2 is the strong threat.} 23. Rac1 Ba3 24. Rxc8 Rxc8 25. Be3 (25. Nd3 $1 $15) 25... Rc2 26. Ra1 Kf7 27. Nd3 Kf6 28. Ne1 Rc3 (28... Re2 $17 {aiming for ...Bb2.} 29. Bf2 Bb2) 29. Bd2 $15 Rc8 30. Be3 ({Better is} 30. Nd3 $15) 30... Bd5 31. Rd1 Ke6 32. Nd3 Rc2 33. Rd2 Rc3 34. Kf2 Bd6 35. Ke2 (35. g3 $15) 35... f4 $17 36. Bf2 g5 37. h3 h5 38. Rd1 e4 39. fxe4 Bxe4 40. Ne1 g4 41. hxg4 hxg4 42. Bd4 (42. Rd4 $17 Bb7 43. Rd1) 42... Rc8 43. a4 b4 {[%cal Bb5b4,Bb4b3][%mdl 32]} 44. Bb6 $2 {[#]} (44. a5 {was necessary.}) 44... Rc3 $19 45. a5 $2 (45. Rd4 Bh7 46. a5) 45... Rxb3 46. a6 Ra3 47. a7 b3 48. Bd4 Ra2+ 49. Rd2 Rxd2+ {Black mates.} 50. Kxd2 {[%mdl 4096] Endgame KBB-KBN} Bb4+ 51. Ke2 Bxe1 52. Kxe1 Bxg2 {KB-KB} 53. Kf2 Bd5 54. Kf1 g3 55. Kg1 Kf5 56. Kf1 Ke4 57. Bf6 Kd3 58. Be5 Kc2 {Precision: White = 29%, Black = 80%.} 0-1

[Event "III. World-ch for Disabled 2017"]
[Site "Dresden"]
[Date "2017.10.07"]
[Round "2.3"]
[White "Varezhkin, Viktor"]
[Black "Checiak, Krzysztof"]
[Result "1-0"]
[WhiteElo "2243"]
[BlackElo "2049"]
[Annotator "ChessBase"]
[PlyCount "85"]
[EventDate "2017.??.??"]
[EventType "swiss"]
[EventCountry "GER"]
[SourceTitle "playchess.com"]
[Source "ChessBase"]
[SourceQuality "1"]
[TimeControl "40/5400+30:1800+30"]

1. d4 {[%emt 1:30:25]} d5 {[%emt 1:25:19]} 2. Nf3 {[%emt 1:30:49]} Nf6 {[%emt 1:24:55]} 3. c4 {[%emt 1:31:14]} e6 {[%emt 1:31:14]} 4. Nc3 {[%emt 1:31:14]} c6 {[%emt 1:24:31]} 5. Qb3 {[%emt 1:31:05]} Nbd7 {[%emt 1:21:23]} 6. g3 {[%emt 1:21:23]} Bd6 {[%emt 1:18:34]} 7. Bf4 {[%emt 1:18:34]} dxc4 {[%emt 1:23:02]} 8. Qxc4 {[%emt 1:22:50]} Qc7 {[%emt 1:04:22]} 9. Bxd6 {[%emt 1:22:21]} Qxd6 {[%emt 1:22:21]} 10. Rd1 {[%emt 1:22:21]} O-O {[%emt 0:54:23]} 11. Bg2 {[%emt 1:20:08]} a5 {[%emt 0:44:12]} 12. a3 {[%emt 1:16:52]} b5 {[%emt 0:40:09]} 13. Qd3 {[%emt 1:06:27]} Ba6 {[%emt 0:33:23]} 14. Ne4 {[%emt 0:56:02]} Nxe4 {[%emt 0:29:43]} 15. Qxe4 {[%emt 0:56:24]} Rac8 {[%emt 0:56:24]} 16. O-O {[%emt 0:50:32]} Rfd8 {[%emt 0:21:35]} 17. Rd2 {[%emt 0:49:53]} Qe7 {[%emt 0:16:28]} 18. Rfd1 {[%emt 0:49:05]} Nf6 {[%emt 0:15:22]} 19. Qc2 {[%emt 0:48:13]} h6 {[%emt 0:13:28]} 20. Ne5 {[%emt 0:13:28]} Bb7 {[%emt 0:13:35]} 21. e3 {[%emt 0:45:46]} c5 {[%emt 0:10:13]} 22. Bxb7 {[%emt 0:10:13]} Qxb7 {[%emt 0:10:41]} 23. dxc5 {[%emt 0:42:42]} Rxd2 {[%emt 0:10:49]} 24. Rxd2 {[%emt 0:39:46]} Qc7 {[%emt 0:10:52]} 25. Nf3 {[%emt 0:38:35]} b4 {[%emt 0:10:54]} 26. axb4 {[%emt 0:10:54]} axb4 {[%emt 0:11:23]} 27. Rd4 {[%emt 0:35:39]} Rb8 {[%emt 0:10:51]} 28. Nd2 {[%emt 0:10:51]} Nh7 {[%emt 0:10:04]} 29. h4 {[%emt 0:31:53]} Nf6 {[%emt 0:31:53]} 30. Nb3 {[%emt 0:31:47]} Nd5 {[%emt 0:10:24]} 31. Qd2 {[%emt 0:30:15]} Qc6 {[%emt 0:10:28]} 32. f3 {[%emt 0:27:58]} Qa4 {[%emt 0:09:08]} 33. Qd3 {[%emt 0:27:29]} Qa2 {[%emt 0:09:11]} 34. e4 {[%emt 0:27:01]} Nf6 {[%emt 0:07:45]} 35. Qc2 {[%emt 0:24:33]} Qa7 {[%emt 0:06:14]} 36. Kg2 {[%emt 0:24:17]} Qc7 {[%emt 0:06:34]} 37. Qd2 {[%emt 0:24:05]} Nh5 {[%emt 0:24:05]} 38. Rd6 {[%emt 0:23:53]} Qe7 {[%emt 0:05:00]} 39. e5 {[%emt 0:23:12]} g5 {[%emt 0:04:42]} 40. Rd7 {[%emt 0:04:42]} Qe8 {[%emt 0:04:20]} 41. c6 {[%emt 0:04:20]} Rc8 {[%emt 0:02:45]} 42. c7 {[%emt 0:02:45]} Kg7 {[%emt 0:00:42]} 43. hxg5 {[%emt 0:22:55]} 1-0

[Event "III. World-ch for Disabled 2017"]
[Site "Dresden"]
[Date "2017.10.07"]
[Round "2.4"]
[White "Wielecki, Zygmunt"]
[Black "Uzialko, Marek"]
[Result "1/2-1/2"]
[WhiteElo "2199"]
[BlackElo "2043"]
[Annotator "ChessBase"]
[PlyCount "71"]
[EventDate "2017.??.??"]
[EventType "swiss"]
[EventCountry "GER"]
[SourceTitle "playchess.com"]
[Source "ChessBase"]
[SourceQuality "1"]
[TimeControl "40/5400+30:1800+30"]

1. e4 {[%emt 1:30:19]} e5 {[%emt 1:30:00]} 2. Nf3 {[%emt 1:30:10]} Nc6 {[%emt 1:29:44]} 3. Bb5 {[%emt 1:29:54]} a6 {[%emt 1:29:03]} 4. Ba4 {[%emt 1:28:54]} Nf6 {[%emt 1:27:45]} 5. O-O {[%emt 1:28:04]} b5 {[%emt 1:26:24]} 6. Bb3 {[%emt 1:26:24]} d6 {[%emt 1:25:11]} 7. c3 {[%emt 1:25:54]} Na5 {[%emt 1:23:43]} 8. Bc2 {[%emt 1:25:46]} c5 {[%emt 1:21:36]} 9. h3 {[%emt 1:25:14]} Be7 {[%emt 1:19:35]} 10. Re1 {[%emt 1:25:03]} O-O {[%emt 1:25:03]} 11. d4 {[%emt 1:25:03]} Qc7 {[%emt 1:15:51]} 12. Nbd2 {[%emt 1:24:33]} Nc6 {[%emt 1:15:44]} 13. d5 {[%emt 1:15:44]} Nd8 {[%emt 1:14:10]} 14. Nf1 {[%emt 1:13:20]} Ne8 {[%emt 1:09:32]} 15. Ng3 {[%emt 1:12:26]} g6 {[%emt 1:08:55]} 16. Bh6 {[%emt 1:11:31]} Ng7 {[%emt 1:08:06]} 17. Qd2 {[%emt 1:09:21]} f6 {[%emt 1:09:21]} 18. b3 {[%emt 1:04:24]} Nf7 {[%emt 0:57:26]} 19. Be3 {[%emt 0:58:12]} Bd7 {[%emt 0:50:39]} 20. a4 {[%emt 0:58:28]} Rab8 {[%emt 0:42:07]} 21. axb5 {[%emt 0:58:31]} axb5 {[%emt 0:42:24]} 22. Ra2 {[%emt 0:57:59]} Ra8 {[%emt 0:41:53]} 23. Rea1 {[%emt 0:58:15]} Qb7 {[%emt 0:34:41]} 24. b4 {[%emt 0:51:39]} Rxa2 {[%emt 0:34:44]} 25. Rxa2 {[%emt 0:51:54]} Ra8 {[%emt 0:34:06]} 26. Bd3 {[%emt 0:50:26]} Rxa2 {[%emt 0:33:10]} 27. Qxa2 {[%emt 0:50:49]} c4 {[%emt 0:33:16]} 28. Bc2 {[%emt 0:51:05]} f5 {[%emt 0:32:50]} 29. exf5 {[%emt 0:50:59]} Nxf5 {[%emt 0:32:46]} 30. Nxf5 {[%emt 0:50:50]} Bxf5 {[%emt 0:50:50]} 31. Bxf5 {[%emt 0:50:50]} gxf5 {[%emt 0:50:50]} 32. Qa7 {[%emt 0:51:00]} Qxa7 {[%emt 0:32:04]} 33. Bxa7 {[%emt 0:51:11]} Ng5 {[%emt 0:31:37]} 34. Nxg5 {[%emt 0:51:22]} Bxg5 {[%emt 0:51:22]} 35. Be3 {[%emt 0:51:28]} Bxe3 {[%emt 0:32:08]} 36. fxe3 {[%emt 0:51:49]} 1/2-1/2